Registry of mass spectral data

Mass spectrometry is used extensively to identify unkown chemicals in almost all areas of chemistry, biochemistry, medical chemistry, and the environmental sciences. This massive work has been compiled and written by two acknowledged leaders in their field.

Enregistré dans:
Détails bibliographiques
Auteur principal: Stenhagen, Einar
Format: Livre
Langue:Undetermined
Publié: New York John Wiley and Sons 1974
Sujets:
Tags: Ajouter un tag
Pas de tags, Soyez le premier à ajouter un tag!
Thư viện lưu trữ: Trung tâm Học liệu Trường Đại học Cần Thơ
LEADER 00832nam a2200193Ia 4500
001 CTU_149481
008 210402s9999 xx 000 0 und d
082 |a 545.33 
082 |b S818/T.2 
100 |a Stenhagen, Einar 
245 0 |a Registry of mass spectral data 
245 0 |c Einar Stenhagen, Fred W McLafferty, Sixten Abrahamsson 
260 |a New York 
260 |b John Wiley and Sons 
260 |c 1974 
520 |a Mass spectrometry is used extensively to identify unkown chemicals in almost all areas of chemistry, biochemistry, medical chemistry, and the environmental sciences. This massive work has been compiled and written by two acknowledged leaders in their field. 
650 |a Chemistry,Analytic,Hóa học, phân tích 
904 |i Trọng Hải 
980 |a Trung tâm Học liệu Trường Đại học Cần Thơ